Keserű igazság
Elmentve itt :
| Szerző: | |
|---|---|
| Adatforrás: | Meister |
| Forrásdokumentuma: | A Hét. - 4 sz., 1991, 1 p. |
| Nyelv: | magyar |
| Kulcsszavak: | politikai publicisztika Öböl-háború |
| LEADER | 00345nab a2200133 i 4500 | ||
|---|---|---|---|
| 001 | bibPRO00004900 | ||
| 008 | 060524s1991 xx hun | ||
| 040 | |a Sz1 | ||
| 041 | |a hun | ||
| 100 | 1 | |a GÁLFALVI Zsolt | |
| 245 | 1 | 0 | |a Keserű igazság |c GÁLFALVI Zsolt |
| 695 | |a politikai publicisztika | ||
| 695 | |a Öböl-háború | ||
| 773 | 0 | |t A Hét. - |g 4 sz., 1991, 1 p. | |